00274nam a2200121Ia 4500008004100000041000900041082001500050100002000065245001800085260003300103300000800136650000800144230718s9999 xx 000 0 und d aEng. a340bSAC-P aSaced, Malik. M 0aP. L. D (1972 aPakistanbAll Pakistanc1972 a373 aLaw